Chansons de Michou - Statistiques

Statistiques générales
  • Ce quiz a été pris 39 fois
  • Le résultat moyen est 5 sur 12
Statistiques - réponses
Réponse % Correct
Fier
82%
M2LT
79%
Dans Le Club
73%
Rockstar
61%
My Life
39%
Mode Avion
33%
Ma Belle
30%
Jamais Lâcher
21%
B22
18%
Ma Commu
18%
Lettre à mon Pote
15%
9 MILI
0%
Aucun quiz correspondant
Distribution des résultats
% des personnes avec chaque résultat
Percentile par nombre de réponses
Votre historique - résultats
Vous n’avez pas pris ce quiz